Statistics for 安徽省地图 Anhui Map Quiz

Click here to take the quiz!

General Stats

  • This quiz has been taken 2 475 times
  • The average score is 13 of 16

Answers on the Map

Answers color-coded by a green-red scale on the quiz's map according to % correct below.
 

Answer Stats

区划% Correct
合肥市
99%
芜湖市
89%
蚌埠市
88%
马鞍山市
88%
黄山市
88%
淮南市
85%
淮北市
84%
安庆市
81%
滁州市
77%
六安市
76%
亳州市
71%
宣城市
71%
铜陵市
70%
阜阳市
70%
宿州市
70%
池州市
67%

Score Distribution

Percentile by Number Answered

Percent of People with Each Score

Your Score History

You have not taken this quiz